Eduardo Cruz-Coke Lassabe: política, ciencia y espíritu. 1899-1974
Guardat en:
| Autors principals: | , , , |
|---|---|
| Format: | Llibre |
| Idioma: | espanyol |
| Publicat: |
Valparaíso
Biblioteca del Congreso Nacional
2013
|
| Edició: | 1a. ed |
| Matèries: | |
| Etiquetes: |
Afegir etiqueta
Sense etiquetes, Sigues el primer a etiquetar aquest registre!
|
MARC
| LEADER | 00000cam a2200000 a 4500 | ||
|---|---|---|---|
| 001 | UCE2593 | ||
| 003 | CL-VaPUC | ||
| 008 | 140710e20130000cl |||||||||||||||||spa|d | ||
| 020 | |a 9789567629176 | ||
| 082 | 0 | 4 | |a 920 |b VAS |2 21 |
| 100 | 0 | |a Vásquez Vargas, David |e author |9 575094 | |
| 700 | 0 | |a Arrau Corominas, Fernando |e author |9 575095 | |
| 700 | 0 | |a Serani Pradenas, Edmundo |e author |9 575096 | |
| 700 | 0 | |a Rivera Polo, Felipe |e author |9 575097 | |
| 245 | 1 | 0 | |a Eduardo Cruz-Coke Lassabe: política, ciencia y espíritu. 1899-1974 |
| 250 | |a 1a. ed | ||
| 300 | |a 87 p | ||
| 942 | |c BK | ||
| 945 | |d 20140710 11:54:00 |a dcastane | ||
| 260 | |a Valparaíso |b Biblioteca del Congreso Nacional |c 2013 | ||
| 600 | 0 | 7 | |a CRUZ COKE LASSABE, EDUARDO |2 CL-VaPUC |9 320331 |
| 650 | 0 | |a Biografías |9 255210 | |
| 650 | 7 | |a MEDICOS CHILENOS |2 CL-VaPUC |9 508136 | |
| 650 | 7 | |a POLITICOS CHILENOS |2 CL-VaPUC |9 575098 | |
| 583 | |a last modification |c 20140710 11:54:00 |k Rodrigo Vera | ||
| 999 | |c 356182 |d 356180 | ||
| 952 | |0 0 |1 0 |3 erb |4 0 |6 920_000000000000000_VAS_2013 |7 0 |8 C |9 463354 |a BIBCUR |b BIBCUR |i 5089387 |o 920 VAS 2013 |p 5089387 |r 2025-04-22 |w 2019-11-23 |y BK |z Catalogado en:20140710 |k CAC | ||